| 000 | 00644nam a2200193 i 4500 | ||
|---|---|---|---|
| 001 | 94419 | ||
| 003 | ES-MaACL | ||
| 005 | 20250820051414.0 | ||
| 007 | t| | ||
| 008 | 050429s1961 sp ||||1| spa d | ||
| 100 | 1 |
_aLorenzetti, Casimiro. _974136 |
|
| 245 | 1 | 0 |
_aCómo vivió María, la madre de Jesús / _cP. Casimiro Lorenzetti C. P. ; traducción del P. Agustín López de Lama C. |
| 260 |
_aBelorado (Burgos) : _bHijas de la Iglesia, _c1961. |
||
| 300 |
_a205 p. : _bil. ; _c18 cm. |
||
| 600 | 0 | 4 |
_aVirgen María _9115436 |
| 700 | 1 |
_aLópez de Lama, Agustín. _973561 |
|
| 852 |
_aES-MaACL _jC-21753 |
||
| 999 |
_c94419 _d94419 |
||